000 00819cab a22002055a 4500
001 L142641
008 080226e20080214xxka f 000 0 eng d
035 _a(Sirsi) u142641
041 0 _aeng
100 1 _aHartman, Hattie
245 0 0 _aUnderground energy
260 _c2008
490 0 _aArchitects' Journal
_v227(6) 14 February 2008, 40-42(3)
520 _aExamines the use of geothermal energy systems in building design. Explains the difference between open-loop and closed-loop systems, and describes how geothermal boreholes were used in the refurbishment of Eastbourne Terrace near London's Paddington Station.
590 _aKA
651 4 _aUnited Kingdom
_y
690 _aBUILT ENVIRONMENT-SUSTAINABLE CONSTRUCTION
690 _aENVIRONMENTAL AND LAND CONSULTANCY-ENERGY-RENEWABLE ENERGY
942 _n0
999 _c79886
_d79886